| 000 | 00377nam a2200133Ia 4500 | ||
|---|---|---|---|
| 008 | 210210b1969 xxu||||| |||| 00| 0 eng d | ||
| 082 | _a364.1322 DUTV | ||
| 100 | _aDUTTA (Nilanjan). | ||
| 245 | _aViolation of democratic rights in West Bengal since independence. | ||
| 260 |
_aBombay _bC G Shah memorial trust _c1969 |
||
| 300 | _a34 | ||
| 690 | _aCriminology | ||
| 906 | _a039033 | ||
| 999 |
_c89411 _d89411 |
||